000
00214 a2200109 4500
020
_a
9780375725609
041
_a
eng
100
_a
Erik Larson
245
_a
The devil in the White City
942
_c
BK
952
_7
1
999
_c
18330
_d
18330